| 000 | 00354 a2200109 4500 | ||
|---|---|---|---|
| 001 | ART_34688 | ||
| 005 | 20260410161928.0 | ||
| 008 | 260409a | ||
| 245 | 1 | 0 | _aEl subcomité para la prevención de la tortura de Naciones Unidas |
| 100 | 1 | _aFont, Enrique Andrés | |
| 773 | 0 |
_tDerechos humanos _g- Año III, Nº 7 (sep. 2015) _wREV22278 |
|
| 999 |
_c28333 _d28333 |
||